[Event "Tel Aviv"]
[Site "Tel Aviv"]
[Date "2001.02.20"]
[Round "1"]
[White "Postny, Evgeny"]
[Black "Greenfeld, Alon"]
[Result "1-0"]
[WhiteElo "2432"]
[BlackElo "2570"]
[Annotator "Kortschnoj,V"]
[PlyCount "85"]
[EventDate "2001.02.20"]
[EventType "tourn"]
[EventRounds "9"]
[EventCountry "ISR"]
[EventCategory "9"]
[SourceTitle "CBM 082"]
[Source "ChessBase"]
[SourceDate "2001.05.17"]
[SourceVersion "1"]
[SourceVersionDate "2001.05.17"]
[SourceQuality "1"]

1. d4 Nf6 2. c4 g6 3. f3 d5 4. cxd5 Nxd5 5. e4 Nb6 6. Nc3 Bg7 7. Be3 O-O 8. Qd2
{Another line, at the moment outfashioned, but still dangerous for black is 8.
f4.} e5 9. d5 c6 10. h4 cxd5 11. exd5 N8d7 $6 {In the famous game, played in
the match Kramnik-Shirov (1997) black played 11...h5!?} 12. h5 Nf6 13. hxg6
fxg6 14. O-O-O Bd7 {In all games played by this line black made this move.
Almost all these game had been won by white. As an improvement I suggest 14...
e4 and if 15.fe then Bg4.} 15. Kb1 Rc8 16. d6 Bf5+ 17. Ka1 e4 18. Bh6 e3 {
People of my generation would play here 18...Bf8, preserving the
black-square-bishop. A pawn sacrifice, undertaken by black, does not work out
properly.} 19. Bxe3 Nfd5 20. Nxd5 Rc2 21. Ne7+ $1 {This move refutes the
attacking idea of black.} Qxe7 (21... Kh8 22. Qd4 $1 h5 23. g4 Bxd4 24. Bxd4+
Kh7 25. gxf5 Qxd6 26. fxg6+ Kh6 27. Be3+) 22. Qxc2 Qxe3 23. Qb3+ Qxb3 24. axb3
{The game is over. Black should resign.} Bc2 25. Rd2 Bxb3 26. Nh3 Bf6 27. Nf2
Rd8 28. Ne4 Be5 29. Nc5 Bf7 30. Nxb7 Rd7 31. Ba6 Bc4 32. Bxc4+ Nxc4 33. Nc5
Rxd6 34. Rxd6 Bxd6 35. Nd3 Ne3 36. g4 Nc2+ 37. Kb1 Nd4 38. f4 Ne2 39. Rf1 Kg7
40. g5 h5 41. gxh6+ Kxh6 42. Kc2 Kh5 43. Kd2 1-0

[Event "EU-ch 16th"]
[Site "Jerusalem"]
[Date "2015.03.01"]
[Round "5"]
[White "Vallejo Pons, Francisco"]
[Black "Timofeev, Artyom"]
[Result "1-0"]
[WhiteElo "2706"]
[BlackElo "2564"]
[Annotator "Krasenkow,M"]
[PlyCount "63"]
[EventDate "2015.02.24"]
[EventType "swiss"]
[EventRounds "11"]
[EventCountry "ISR"]
[SourceTitle "CBM 166"]
[Source "ChessBase"]
[SourceDate "2015.05.11"]
[SourceVersion "1"]
[SourceVersionDate "2015.05.11"]
[SourceQuality "1"]

1. d4 Nf6 2. c4 g6 3. f3 d5 4. cxd5 c6 {[%mdl 512] A crazy (desperate?),
hardly sound gambit.} 5. dxc6 (5. e4 cxd5 6. e5 {may be enough for a small
edge:} Nfd7 (6... Nh5 7. Nc3 Nc6 8. Bb5 e6 9. Nge2 Bd7 10. O-O Ng7 11. Bh6 Nf5
12. Bxf8 Kxf8 13. Bxc6 bxc6 14. Qd2 c5 15. dxc5 Qc7 16. b4 Qxe5 17. Kh1 $14 {
[%csl Rf8] 1-0 (40) Edouard,R (2659)-Picard,R (2342) Haguenau 2013}) 7. Nc3 Nb6
(7... Nc6 $5 8. Be3 $140 $6 Ndxe5 $1 9. dxe5 d4) 8. Bd3 Nc6 9. Nge2 Bg7 10. O-O
O-O 11. f4 f6 (11... Bg4 12. h3 Bf5 13. Bxf5 gxf5 14. b3 Kh8 15. Be3 Rg8 16.
Ng3 Bxe5 17. Nxf5 Bg7 18. Qh5 $14 {0-1 (38) Engels,L-Richter,K Aachen 1935})
12. b3 Bg4 13. h3 Bxe2 14. Nxe2 e6 15. Ba3 Rf7 16. Rc1 Bf8 17. Bb2 a6 18. Kh2
$14 {0-1 (46) Vasilevich,T (2385)-Nataf,I (2553) Reykjavik 2006}) 5... Nxc6 6.
e3 e5 7. Bb5 ({After the simple} 7. dxe5 Qa5+ 8. Nc3 Qxe5 {White needs to play
accurately but keeping an edge is within reach:} 9. e4 $5 (9. Bb5 Bc5 10. Nge2
O-O 11. Bxc6 bxc6 12. e4 Bb6 (12... Ba6 13. Bf4 Qe6 14. Qa4 Bxe2 15. Nxe2 Rfd8
16. Rc1 Nd7 17. Qc4 Qe7 18. h4 $16 {1-0 (53) Socko,B (2616)-Tomczak,J (2547)
Warsaw 2014}) 13. Na4 Rd8 14. Qc2 Qa5+ 15. Nec3 Nd5 $6 (15... Ba6 $142 $44 {
Zhao Xue}) 16. exd5 Bf5 17. Qd2 (17. Qb3 $1 Re8+ 18. Kd1 $16 {Zhao Xue}) 17...
Re8+ 18. Kd1 Be3 19. Qxe3 Rxe3 20. Bxe3 cxd5 21. Ke2 Bc2 22. b3 $14 {1-0 (40)
Zhao,X (2497)-Lagno,K (2554) Nalchik 2011 CBM 145 [Zhao Xue]}) 9... Bc5 10. Bh6
Be6 11. Bb5 Rd8 (11... Bxg1 12. Rxg1 Qxh2 13. Be3 $14) 12. Qc2 Bxg1 13. Rxg1
Qxh2 14. Be3 O-O 15. Bxc6 bxc6 16. Ne2 $14 Nd7 $6 17. O-O-O Qc7 18. Nd4 $16 {
0-1 (71) Swiercz,D (2616)-Tomczak,J (2561) Wroclaw 2014}) 7... Qa5+ (7... exd4
8. Qxd4 Bd6 9. b3 O-O 10. Bxc6 bxc6 11. Bb2 Be7 12. Ne2 $14) 8. Nc3 Bb4 9.
Bxc6+ bxc6 10. Nge2 O-O 11. a3 (11. O-O $5 Ba6 12. Re1 Rfd8 {1-0 (59)
Praczukowski,S (2018)-Niedbala,W (1868) Poznan 2014} 13. Bd2 $14) 11... Bxc3+ (
11... Bd6 12. O-O Ba6 {, keeping a bishop pair, was more promising. After the
text move, despite the apparent activity of Black's pieces, he can't get
enough counterplay.}) 12. bxc3 Ba6 13. O-O Nd5 (13... e4 {, trying to set up a
blockade on the light squares, was relatively better but White should
gradually consolidate his position by means of} 14. Bd2 {[%cal Yf1f2,Ye2g3]})
14. Bd2 Bc4 15. Rf2 Rab8 16. e4 {[%csl Rf6,Rh6][%mdl 1024] This advance
enables White to activate his pieces; meanwhile, the dark squares around
Black's king are weakened. GM Paco Vallejo converts his extra pawn without
major problems.} Nb6 17. a4 f6 18. f4 $1 Bf7 19. fxe5 fxe5 20. Bh6 Rfe8 21. Qd3
Be6 22. dxe5 Nd7 23. Raf1 Qxa4 (23... Nxe5 24. Qd6 {[%cal Rf2f8,Rd6e6]} Nf7 (
24... Nd7 25. Nd4 $18) 25. Rxf7 $1 Bxf7 26. Qf6 $18) (23... Qc5 24. Qf3 $18 {
[%cal Ye2d4]}) 24. Nd4 (24. Nf4 $142 Nxe5 (24... Qc4 25. Qd6 $18) 25. Qd6 Nf7
26. Qxb8 $1 Rxb8 27. Nxe6 Rb7 28. Ng5 $1 $18 Nxh6 $140 29. Rf8+ Kg7 30. Ne6#)
24... Qc4 25. Qf3 c5 (25... Kh8 {was the last chance to continue resistance
although White should win in the long term.}) 26. Nc6 Ra8 27. Ne7+ Kh8 28. Nd5
(28. Rd1 $1 {[%cal Rd1d7]}) 28... Rec8 29. h4 Rab8 30. Qf4 Rd8 31. Nf6 Nf8 32.
Ne8 $1 1-0

[Event "Gibraltar Masters 10th"]
[Site "Caleta"]
[Date "2012.01.30"]
[Round "7"]
[White "Mamedyarov, Shakhriyar"]
[Black "Negi, Parimarjan"]
[Result "1/2-1/2"]
[WhiteElo "2747"]
[BlackElo "2641"]
[Annotator "Krasenkow,M"]
[PlyCount "60"]
[EventDate "2012.01.24"]
[EventType "swiss"]
[EventRounds "10"]
[EventCountry "GGB"]
[SourceTitle "CBM 147"]
[Source "ChessBase"]
[SourceDate "2012.03.16"]
[SourceVersion "1"]
[SourceVersionDate "2012.03.16"]
[SourceQuality "1"]

1. d4 Nf6 2. c4 g6 3. f3 d5 4. cxd5 Nxd5 5. e4 Nb6 6. Nc3 Bg7 7. Be3 O-O 8. Qd2
Nc6 9. O-O-O Qd6 $5 {This idea is not new but it didn't gain popularity until
2010-11.} 10. Nb5 (10. h4 Rd8 {is the idea behind 9...Qd6:} 11. Nb5 (11. e5 $2
Qe6 12. Nh3 Nc4) 11... Qd7 12. h5 a6 13. Nc3 Nxd4 14. hxg6 fxg6 15. g4 Qc6 $6 (
15... e5 $1 16. Qh2 h6 17. Bxh6 Bxh6+ 18. Qxh6 Qg7 $13 {K.Mekhitarian}) 16. Qf2
(16. Qh2 $1 $40 {K.Mekhitarian}) 16... Ne6 17. Rxd8+ Nxd8 18. Nge2 Nf7 19. Qh4
h6 20. Qxe7 Qd7 21. Qxd7 Bxd7 22. Bg2 Nc4 23. Bf2 Bb5 24. Nd4 Nce5 25. Be3 Bd7
$11 {1/2 Grischuk,A (2760)-Mamedyarov,S (2761)/Moscow 2010/CBM 139 (49)}) 10...
Qd7 11. f4 $146 (11. d5 Ne5 12. Qc2 c6 13. dxc6 Qxc6 14. Qxc6 bxc6 15. Nc7 Rb8
16. b3 a5 17. Na6 Bxa6 18. Bxa6 a4 $36 {1/2 Mayorga,N (2330)-Fabian,G (2317)/
Villa Martelli 2011/CBM 143 Extra (42)}) (11. Bh6 Bxh6 12. Qxh6 a6 13. Nc3 Nxd4
14. f4 c5 15. h4 Qc6 16. Nf3 Qf6 17. e5 Qg7 18. Qxg7+ Kxg7 19. Nxd4 cxd4 20.
Rxd4 Be6 $11 {1-0 Mamedyarov,S (2657)-Petrosian,T (2539)/Antalya 2004/CBM 101 
(53)}) (11. Na3 e5 $1 (11... Rd8 12. Ne2 Qe8 13. Qe1 f5 14. h3 $14 {1-0
Ganguly,S (2634)-Safarli,E (2587)/Paks 2009/CBM 133 (35)}) 12. d5 Nd4 13. Kb1 (
13. Ne2 $142 c5 14. Kb1 $13) 13... c6 14. dxc6 bxc6 15. Qa5 Qb7 16. Ne2 Rb8 17.
Rd2 {1-0 Ivanchuk,V (2768)-Sutovsky,E (2700)/Ningbo 2011/CBM 144 (33)} c5 $1
$36) (11. Kb1 Rd8 12. d5 a6 $1 (12... Ne5 13. Qc2 $1 c6 14. Nxa7 Rxa7 15. Bxb6
Ra8 16. Ne2 Re8 17. Nc3 $16 {1-0 Anand,V (2817)-Mamedyarov,S (2746)/Bastia
2011/EXT 2012 (43)}) 13. dxc6 (13. Nc3 Na5 14. Bd4 Nbc4 15. Qf2 $2 (15. Bxc4
$142 Nxc4 16. Qc1 Bxd4 17. Rxd4 b5 $13 {K.Mekhitarian}) 15... e5 $1 16. Bc5 b6
17. Bb4 c5 18. Bxa5 Nxa5 19. h4 Qd6 20. h5 b5 $15 {1/2 Gustafsson,J (2647)
-Mekhitarian,K (2529)/Reykjavik 2011/CBM 141 Extra/[Mekhitarian] (38)}) 13...
Qxd2 14. Rxd2 Rxd2 15. Bxd2 axb5 16. cxb7 Bxb7 17. Bxb5 f5 $1 18. exf5 Bd5 19.
Ne2 (19. b3 gxf5 $44 {[%cal Yc7c5,Yc5c4]} 20. Bb4 Kf7 21. Ne2 $2 Bxb3) 19...
Bxa2+ 20. Kc2 gxf5 21. Bc3 Bc4 22. Bxc4+ Nxc4 23. Nd4 Ne3+ 24. Kd3 Nxg2 25.
Nxf5 Nf4+ 26. Kc4 Bxc3 27. bxc3 Kf7 $11 {1/2 Vitiugov,N (2729)-Giri,A (2714)/
Reggio Emilia 2011/CBM 146 (41)}) 11... Qe6 $1 {This trick solves Black's
problems.} 12. Nc3 (12. d5 $2 Qxe4 13. dxc6 Bf5 {The point.} 14. Bd3 Qxc6+ 15.
Qc2 (15. Nc3 Rfd8 16. Qc2 Nc4 $19) 15... Bxd3 16. Qxc6 bxc6 17. Rxd3 cxb5 $19)
12... Rd8 (12... Nc4 $5 13. Qe2 Nxe3 14. Qxe3 Qd6) 13. Nf3 Nc4 14. Qe2 (14. d5
Nxd2 15. dxe6 Nxf3 16. Rxd8+ Nxd8 17. exf7+ Kxf7 18. gxf3 Be6 $132) 14... Nxe3
15. Qxe3 Nb4 $6 (15... Qd6 $142 16. e5 Qb4 17. d5 Nb8 18. a3 Qb6 $13) 16. b3 $2
{White weakens the crucial diagonal and gets into trouble.} (16. Kb1 $142 a5 (
16... Qb6 17. a3 Nc6 18. Nd5 Qa5 19. Bc4 $14) 17. Be2 $14 {[%csl Rb4]}) 16...
Qb6 $1 17. a3 Nc6 18. Na4 (18. Nd5 Qa5 19. Kb2 Nxd4 $5 20. Nxe7+ Kf8 21. e5 Bg4
$1 22. Rxd4 Bxf3 $1 23. Nxg6+ hxg6 24. b4 $1 Qb6 25. Rxd8+ Rxd8 26. Qxf3 Rd4
$40) 18... Qa5 19. d5 Nb8 (19... b5 $5 20. dxc6 (20. Bxb5 Qxb5 21. dxc6 Bg4)
20... Rxd1+ 21. Kxd1 bxa4 22. b4 Qh5 23. e5 Bg4 $36) 20. Qc5 $1 {After the
exchange of queens White's king is not in danger anymore, and he holds his
ground despite Black's bishop pair.} Qxc5+ 21. Nxc5 c6 22. Bc4 b6 23. dxc6
Rxd1+ 24. Rxd1 Nxc6 25. Bd5 Bg4 $1 26. Bxc6 Rc8 27. Kb1 bxc5 (27... Rxc6 28.
Rd8+ Bf8 29. Nd7 $11) 28. Bd5 Bxf3 29. gxf3 Bh6 30. f5 gxf5 1/2-1/2

[Event "EU-Cup 21st"]
[Site "Saint Vincent"]
[Date "2005.09.20"]
[Round "3.3"]
[White "Moiseenko, Alexander"]
[Black "Timofeev, Artyom"]
[Result "1-0"]
[WhiteElo "2664"]
[BlackElo "2661"]
[Annotator "Krasenkow,M"]
[PlyCount "101"]
[EventDate "2005.09.18"]
[EventType "team-swiss"]
[EventRounds "7"]
[EventCountry "ITA"]
[SourceTitle "CBM 110"]
[Source "ChessBase"]
[SourceDate "2006.01.31"]
[SourceVersion "1"]
[SourceVersionDate "2006.01.31"]
[SourceQuality "1"]
[WhiteTeam "Ashdod"]
[BlackTeam "Kazan Ladya"]
[WhiteTeamCountry "ISR"]
[BlackTeamCountry "RUS"]

1. d4 {Kortschnoj} Nf6 2. c4 g6 3. f3 d5 4. cxd5 Nxd5 5. e4 Nb6 6. Nc3 Bg7 7.
Be3 O-O 8. Qd2 (8. f4 {, popular in the 80s, is now out of fashion.}) 8... e5 {
This move became popular after the famous game Kramnik-Shirov (1998).} (8...
Nc6 {is another important possibility.}) 9. d5 c6 10. h4 (10. O-O-O {and}) (10.
Rd1 {are the other popular options.}) 10... cxd5 (10... f5 $6 11. h5 fxe4 12.
hxg6 exf3 13. Nxf3 Bf5 14. gxh7+ Kh8 15. Nh4 $1 cxd5 16. g4 Bxh7 17. Ng6+ Kg8
18. Bxb6 Rxf1+ 19. Rxf1 axb6 20. Qxd5+ Qxd5 21. Ne7+ Kh8 22. Nexd5 $18 {
1-0 Brustkern,J-Gerard,N/Budapest 2004/EXT 2005 (50)}) 11. exd5 h5 (11... e4
12. fxe4 Bg4 (12... f5 13. h5 fxe4 14. hxg6 h5 $2 (14... Qf6 $1 $44 {V.Golod})
15. d6 $1 Qf6 16. Nge2 $1 Be6 17. Nf4 Nc4 $2 (17... Nc6) 18. Ncd5 Nxd2 19. Ne7+
$1 Qxe7 20. dxe7 $18 {1-0 Golod,V-Vydeslaver,A/Beer Sheva 2002/CBM 091/[Golod,
V] (26)}) 13. Nh3 (13. Nf3 $5 {V.Golod}) 13... N8d7 (13... f5 14. Nf4 fxe4 15.
Be2 Qc8 16. O-O Nc4 17. Bxc4 Qxc4 18. h5 Nd7 19. hxg6 h5 20. Rac1 $16 {1-0
Malaniuk,V-Nedilko,V/Odessa UKR 2005/The Week in Chess 568 (66)}) 14. Nf2 Ne5
15. Bh6 Bxh6 16. Qxh6 f5 $1 17. Nxg4 Nxg4 18. Qf4 Nf6 19. h5 $1 Nxe4 20. hxg6
Nxc3 21. gxh7+ Kh8 22. Qd4+ Qf6 23. Qxf6+ Rxf6 24. bxc3 Nxd5 25. Rh3 $14 {
1/2-1/2 Kasimdzhanov,R-Nijboer,F/Vlissingen 2001/CBM 083 ext (44)}) (11... Re8
12. h5 e4 (12... N8d7 13. hxg6 fxg6 14. Rd1 Nf8 15. Bg5 Bf6 16. Bxf6 Qxf6 17.
Ne4 $16 {1-0 Lobo,R-Zugic,I/San Francisco 1999/CBM 068 ext (35)}) 13. hxg6 fxg6
14. O-O-O exf3 15. Nxf3 N8d7 16. d6 Nf6 17. Ng5 h6 18. Bxb6 Qxb6 19. Bc4+ Kf8
20. d7 Bxd7 21. Nh7+ Nxh7 22. Qxd7 Qe3+ 23. Kb1 Re7 24. Qd5 Nf6 25. Rhf1 {
1-0 Khismatullin,D-Gasanov,E/Serpukhov 2004/CBM 103 ext}) (11... Na6 12. h5 Bd7
(12... Nb4 13. hxg6 fxg6 14. Nh3 Bf5 15. Rc1 Rc8 16. g4 Bd7 17. Ng5 h6 18. Nge4
Rxf3 19. Bxh6 $36 {1-0 Clemens,A-Potze,R/Hoogeveen 2004/CBM 102 ext (27)}) 13.
hxg6 fxg6 14. Nh3 Nc4 15. Bxc4 Qh4+ 16. Nf2 Qxc4 17. Nfe4 Nb4 18. Rd1 Rf4 19.
b3 Qc8 20. a3 Na6 21. d6 Be6 22. Nd5 {1-0 Golod,V-Herrera,I/Ubeda 2001/CBM 080
ext}) (11... N8d7 12. h5 Nf6 13. hxg6 fxg6 14. O-O-O Bd7 15. Kb1 (15. g4 Rc8
16. Kb1 Nc4 17. Bxc4 Rxc4 18. Nge2 e4 $6 19. g5 exf3 20. gxf6 Qxf6 21. Nd4 h5
22. Rhf1 Bg4 23. Qd3 Rcc8 24. Ka1 $16 {1-0 Karasev,V-Zdrojewski,W/Leningrad
1990/EXT 97 (43)}) (15. Nh3 Rc8 16. Kb1 e4 17. Nf4 exf3 18. gxf3 Bf5+ 19. Ka1
Nc4 20. Bxc4 Rxc4 21. Nfe2 b5 22. Ng3 b4 23. Nce4 Bxe4 24. Nxe4 Nxe4 25. fxe4
Rxe4 26. Bc5 Rf5 27. Qc2 {1/2-1/2 Gofshtein,L-Roiz,M/Israel 1999/EXT 2000})
15... Rc8 16. d6 $1 (16. Ka1 Na4 17. Nge2 e4 18. d6 Re8 19. Rc1 Qa5 20. Nxa4
Rxc1+ 21. Qxc1 Qxa4 22. Nc3 Qb4 23. Nxe4 Rc8 24. Bc5 Be6 25. Bd3 Qa4 26. Nc3
Qa5 $44 {0-1 Hillarp Persson,T-Aberg,A/Stockholm 2002/CBM 085 ext (38)}) 16...
Bf5+ (16... Be6 17. Nh3 Nbd5 18. Nxd5 Bxd5 19. Bg5 Be6 20. Nf2 Qd7 21. Qb4 a6
22. Bxf6 Bxf6 23. Ne4 $16 {1-0 Hillarp Persson,T-Wojciechowski,P/Jersey 2004/
EXT 2005 (30)}) 17. Ka1 e4 18. Bh6 e3 (18... Bxh6 19. Qxh6 Rf7 20. Nh3 exf3 21.
gxf3 Qf8 22. Ng5 Rd7 23. Qh2 Rcd8 24. Bh3 Bxh3 25. Qxh3 Re8 26. Nce4 $18 {
1-0 Postny,E-Serebro,A/Israel 2002/EXT 2003 (43)}) (18... Bh8 $5 {V.Kortschnoj}
) 19. Bxe3 Nfd5 20. Nxd5 Rc2 21. Ne7+ $1 Qxe7 (21... Kh8 22. Qd4 $1 h5 23. g4
Bxd4 24. Bxd4+ Kh7 25. gxf5 Qxd6 26. fxg6+ Kh6 27. Be3+ {V.Kortschnoj}) 22.
Qxc2 Qxe3 23. Qb3+ Qxb3 24. axb3 $18 {1-0 Postny,E-Greenfeld,A/Tel Aviv 2001/
CBM 082/[Kortschnoj] (42)}) 12. g4 {The most energetic move.} (12. Rd1 Bf5 (
12... N8d7 13. Nh3 Nc4 14. Bxc4 Qxh4+ 15. Nf2 Qxc4 16. Bh6 {1/2-1/2 Hillarp
Persson,T-Greenfeld,A/Jersey 2004/EXT 2005}) 13. Be2 Qc8 14. Bh6 Nc4 15. Bxc4
Qxc4 16. Nge2 f6 17. Bxg7 Kxg7 18. Ng3 Bd7 19. b3 Qb4 20. Nce4 Na6 $11 {
0-1 Hillarp Persson,T-Akesson,R/Stockholm 2004/CBM 097 ext (60)}) (12. Be2 N8d7
(12... Na6 13. Rd1 (13. g4 $5) 13... Bd7 (13... Re8 14. g4 e4 15. gxh5 exf3 16.
Nxf3 gxh5 17. Kf2 Bg4 18. Bd4 $14 {0-1 Psakhis,L-Shipov,S/playchess.com INT
2004/CBM 099 ext (45)}) 14. g4 Rc8 15. gxh5 gxh5 16. Nh3 Nc4 17. Bxc4 Rxc4 18.
Ng5 Bf5 19. Nge4 Rd4 $1 20. Bxd4 exd4 21. Ne2 Bxe4 22. fxe4 Nc5 $44 {1/2-1/2
Dreev,A-Shipov,S/Internet ICC 2002/EXT 2003 (71)}) (12... Bf5 $2 13. g4 $16)
13. d6 Nf6 14. Rd1 (14. Bg5 Be6 $1 (14... Bd7 $5 $132 {[%cal Yd7c6,Yd8d7] /
\Bc6,Qd7}) (14... Re8 $6 {is less useful:} 15. Rd1 Be6 16. Nh3 Nc4 (16... Rc8
$5 {V.Stohl}) 17. Bxc4 Bxc4 18. b3 Ba6 $6 (18... Be6) 19. Nd5 $2 (19. d7 $142
$1 $16 {Kramnik,V; Dolmatov,S.}) 19... e4 $1 20. Nxf6+ Bxf6 21. d7 Qb6 $3 22.
dxe8=Q+ Rxe8 23. Qe3 Bxg5 24. Qxb6 Bxh4+ 25. Kd2 axb6 26. fxe4 Rxe4 27. Kc2 Rg4
$17 {0-1 Kramnik,V-Shirov,A/WCC cand Cazorla(9)/1998/CBM 065/[Stohl,I] (48)})
15. Rd1 {-14.Rd1} (15. g4 Qd7 $1 16. Bxf6 Bxf6 17. Ne4 Qd8 $1 $13 {Kramnik,V,
Dolmatov,S}) (15. Nh3 Rc8 $5 16. Nf2 Nc4 17. Bxc4 Rxc4 18. Nfe4 Nxe4 19. Nxe4
f6 20. Be3 b6 $15 {1-0 Ward,C-Knott,S/Torquay 1998/CBM 066 ext (61)})) 14...
Be6 15. Bg5 Rc8 16. Nh3 Nc4 17. Bxc4 Rxc4 18. Qe3 Qa5 19. O-O Bxh3 20. gxh3 Nd7
21. Rd5 Qb6 $13 {1-0 Golubovic,B-Ivacic,V/Skofja Loka 1998/EXT 2001 (40)})
12... hxg4 $6 {Probably too bold.} (12... N8d7 13. gxh5 Nf6 14. hxg6 fxg6 15.
Nh3 $5 (15. Rd1 Bf5 16. Bd3 Nh5 17. Nge2 $16 {L.Ftacnik}) 15... Nfxd5 16. Nxd5
Qxd5 17. Qxd5+ Nxd5 18. Bc4 Be6 19. Ng5 Nxe3 20. Bxe6+ Kh8 21. Kf2 $1 Nf5 22.
h5 $16 {1-0 Ivanchuk,V-Akesson,R/Antalya 2004/CBM 101/[Ftacnik] (36)}) (12...
Na6 $5 13. gxh5 gxh5 14. Bd3 $6 (14. Bg5 Qd6 15. Rd1 Bf5 16. Ne4 Qg6 17. Ng3 e4
18. Nxf5 Qxf5 19. Bh3 Qe5 $132 {0-1 Esen,B-Atakisi,U/Antalya 2004/CBM 101 (49)}
) (14. Bh6 $5) 14... Nb4 15. O-O-O Bd7 16. Nge2 Qc8 (16... Bf5 $1) 17. Bxb6 (
17. Kb1 $142) 17... Nxd3+ 18. Kb1 Nxb2 $1 $40 {0-1 Dobrov,V-Slizhevsky,A/St
Petersburg RUS 2005/The Week in Chess 572 (63)}) 13. h5 Bf5 (13... gxf3 14.
hxg6 fxg6 15. Qh2 (15. Nh3 Nc4 16. Bxc4 Qh4+ 17. Qf2 Qxc4 18. Ng5 Na6 19. Qh2
f2+ 20. Bxf2 Rxf2 21. Qxf2 Bf5 22. Rh7 Nb4 23. Rd1 e4 24. Qh2 Bxc3+ 25. bxc3
Qxc3+ 26. Kf1 {1/2-1/2 Chatalbashev,B-Di Caro,C/Reggio Emilia 2005/CBM 104 ext}
) 15... Bg4 16. Qh7+ Kf7 17. Bd3 f2+ 18. Bxf2 e4 19. Bxe4 Qf6 20. Bh4 g5 21.
Nge2 $4 (21. Nh3 $3 Rh8 (21... Bxh3 22. Qh5+) 22. Nxg5+ $18) 21... Rh8 22. Qxh8
Bxh8 23. Rf1 Qxf1+ 24. Kxf1 gxh4 $19 {0-1 Lahtela,S-Sakalauskas,V/playchess.
com 2004/EXT 2005 (33)}) 14. hxg6 (14. Rd1 $5) 14... fxg6 $2 (14... Bxg6 {
was more solid:} 15. fxg4 N8d7 16. Bh6 $5 $14) 15. d6 $1 {[%csl Rg8] The black
king is now dangerously exposed to various attacks.} (15. Qh2 $5 {was another
possibility.}) 15... N8d7 (15... Qd7 16. O-O-O) 16. Nd5 $1 Rf7 (16... Bf6 17.
Nxf6+ Qxf6 18. Bg5 $16) 17. Bg5 Nf6 18. Nxb6 Qxb6 19. Bc4 Qd4 20. Qxd4 $6 (20.
Rc1 $1 {was stronger, to invade c7.}) 20... exd4 21. Kd2 (21. Rc1 $2 {was now
impossible due to} Re8+ 22. Kd2 Be6 {but}) (21. Bxf7+ $5 Kxf7 22. Rc1 {
deserved attention}) 21... gxf3 $2 {Why develop the white knight?} (21... Rd8
$142 22. fxg4 (22. Re1 Rxd6 23. Bxf6 Rdxf6) (22. Bxf6 Bxf6 23. Re1 Bg5+ 24. Kd1
Rxd6) 22... Ne4+ (22... Bxg4 $5) 23. Ke1 (23. Kd3 Nf2+ 24. Kd2 Ne4+ $11) 23...
Nxg5 $13) 22. Bxf6 Bxf6 23. Nxf3 Kg7 (23... Rd8 {is now a bit too late:} 24.
Rae1 Rxd6 25. Re8+ Kg7 26. Rhh8 Be7 27. Bxf7 Kxf7 28. Ne5+ Kf6 29. Rh7 $1 Kxe5
30. Rexe7+ Kf4 31. Rxb7 $16 {Still, it was a better chance for Black than the
game move, after which the dangerous d6 pawn remains alive.}) 24. Bxf7 Kxf7 25.
Rae1 $1 {Cutting the black king off the d6 pawn.  Kortschnoj: 'The arising
position is not easy to access. White has a very small material plus, but the
activity of his rook to the 7th rank he does not exploit.'} (25. Rac1 $143 Ke6)
(25. Rh7+ Ke6 ({The most difficult for white was the following line:} 25... Kg8
{Kortschnoj} 26. Rxb7 Be4 27. Rb3 Bd5 28. Ra3 Rb8 29. Rf1 Rxb2+ 30. Kd3 {
where white, having overcome serious problems gets now a clear edge.}) (25...
Bg7 {Kortschnoj} 26. Nxd4 Kg8 27. Rh4 Bf6 28. Nxf5) 26. d7 {Kortschnoj} Kd6 (
26... Rd8 $2 27. Re1+ Kd6 28. Rf7 Bh8 29. Re8 $18) 27. Rg1 {threatening with
Nh4 and Ng5 white stood better.}) 25... Kg7 (25... Rd8 26. Rh7+) ({Much better
was} 25... Kg8 $1 {(Kortschnoj) with chances for black to take over the
initiative.} 26. Rc1 $1 {Again} Rd8 $1 {as the best.}) 26. Rc1 {This invasion 
(at last!) decides the game.} Be4 (26... Rd8 27. Rc7+ Kg8 28. Re1 {etc.}) (
26... Kf7 27. Rhe1 $1) 27. Rc7+ Kg8 28. Rg1 $1 Bd8 29. Nxd4 {White gives up
the exchange but his passed pawn becomes very strong.} Bxc7 30. dxc7 Rc8 31.
Re1 Bd5 $2 ({The best} 31... Bg2 {(Kortschnoj) would also fail to save the
game:} 32. Re7 Kf8 33. Rd7 Bh3 34. Rh7 Bg4 35. Nb5 Kg8 36. Rh4 Bd7 (36... Be6
37. Re4 Bf5 38. Rc4 $18) 37. Rd4) 32. Re7 Bg2 33. Nb5 Bh3 34. Nd6 Rf8 35. Re8
Rxe8 36. Nxe8 Kf8 37. Nd6 a6 38. c8=Q+ Bxc8 39. Nxc8 b5 40. Ke3 {Kortschnoj:
'Grandmaster of the XIXth century would resign here already.'} Ke8 41. Nd6+ Kd7
42. Ne4 Kc6 43. Kd4 a5 44. b3 b4 45. Kc4 Kb6 46. Kd5 Kb5 47. Nd6+ Kb6 48. Nc4+
Kb5 49. Ne5 g5 50. Kd4 Kb6 51. Nc4+ 1-0